| 000 | 00871nam a2200193 a 4500 | ||
|---|---|---|---|
| 008 | 061107s1979 ||||||||||||||||| || u | ||
| 050 | _aUNZA-IAS(08)COM/15 | ||
| 100 | _aHoneybone, David | ||
| 245 | 1 | 0 |
_aPoverty and wealth in rural Zambia _cedited by David Honeybone and Alan Marter |
| 260 |
_aLusaka _bUniversity of Zambia Institute for African Studies _c1979 |
||
| 350 | _a0.00 | ||
| 490 | _aUniversity of Zambia. Institute for Social Research Communication Series | ||
| 650 | _aPOVERTY--RURAL-- ZAMBIA | ||
| 650 | _aSTANDARD OF LIVING--ZAMBIA | ||
| 650 | _aPOOR--RESEARCH--DEVELOPING COUNTRIES | ||
| 700 | _aMarter, Alan | ||
| 710 | _aUniversity of Zambia. Institute for African Studies | ||
| 995 |
_D0.00 _FCBU-MAIN LIBRARY (Kitwe) _H1 _I0.00 _M15 _UAVAILABLE _WNov 7, 2006 _ZZambiana Collection |
||
| 999 |
_c54111 _d54111 |
||